Si l'Afrique N'existait Pas... - Statistiques

Statistiques générales
  • Ce quiz a été pris 110 fois
  • Le résultat moyen est 41 sur 100
Statistiques - réponses
% Correct
Population d'éléphants | Prévalence du mariage des enfants Inde
84%
Population africaine États-Unis
83%
Population africaine France
78%
% des revenus des 1% les plus riches | Coefficient de Gini | Population africaine Brésil
73%
Dépendance à l'agriculture | Prévalence du mariage des enfants | QI moyen le plus bas Népal
73%
Nombre de personnes par foyer Irak
67%
IMC moyen le plus bas | Prévalence du mariage des enfants Bangladesh
64%
Nombre de personnes par foyer | Prévalence du mariage des enfants Pakistan
63%
Population d'éléphants Indonésie
61%
Espérance de vie la plus basse | IMC moyen le plus bas | Les plus pauvres | +3 others Afghanistan
59%
Coefficient de Gini | Population africaine Colombie
52%
Altitude minimale la plus élevée | Moins de pollution lumineuse Mongolie
52%
Population d'éléphants Thaïlande
52%
Espérance de vie la plus basse Bolivie
48%
IMC moyen le plus bas Viêt Nam
48%
Dépendance à l'agriculture Tadjikistan
47%
Accès à l’électricité le plus bas | Espérance de vie la plus basse | Prévalence du VIH Haïti
45%
Population africaine Haíti
45%
Données téléphoniques les plus chères | Espérance de vie la plus basse | Les plus pauvres | Taux de fécondité Yémen
45%
Population d'éléphants Malaisie
44%
Nombre de personnes par foyer Oman
44%
Accès à l’électricité le plus bas | Population d'éléphants Birmanie
42%
% des revenus des 1% les plus riches Qatar
42%
% des revenus des 1% les plus riches Chili
41%
Accès à l’électricité le plus bas | IMC moyen le plus bas | Les plus pauvres Corée du Nord
41%
QI moyen le plus bas Guatemala
39%
% des revenus des 1% les plus riches Turquie
39%
QI moyen le plus bas Nicaragua
38%
Altitude minimale la plus élevée Kirghizistan
36%
Nombre de personnes par foyer | Taux de fécondité Samoa
36%
Données téléphoniques les plus chères Turkménistan
36%
Le plus chaud en moyenne | Moins de pollution lumineuse Tuvalu
36%
QI moyen le plus bas | Taux de mortalité intentionnelle Honduras
34%
Données téléphoniques les plus chères | Dépendance à l'agriculture | Les plus pauvres | +2 others Îles Salomon
34%
% des revenus des 1% les plus riches Liban
34%
Accès à l’électricité le plus bas | Dépendance à l'agriculture | Taux de fécondité Vanuatu
33%
Espérance de vie la plus basse | Le plus chaud en moyenne Îles Marshall
31%
Le plus chaud en moyenne Palaos
31%
Altitude minimale la plus élevée Arménie
30%
Coefficient de Gini | Taux de chômage Costa Rica
30%
Coefficient de Gini | Taux de mortalité intentionnelle Jamaïque
30%
Coefficient de Gini Panama
30%
Le plus chaud en moyenne | Les plus pauvres | Moins de pollution lumineuse Kiribati
28%
Taux de chômage Jordanie
27%
Taux de chômage Géorgie
25%
Le plus chaud en moyenne Maldives
25%
Données téléphoniques les plus chères | Dépendance à l'agriculture Micronésie
25%
Accès à l’électricité le plus bas Papouasie-Nouvelle-Guinée
25%
IMC moyen le plus bas Timor-Oriental
22%
Moins de pollution lumineuse | Taux de mortalité intentionnelle Guyane
20%
Taux de chômage Sainte-Lucie
20%
Prévalence du VIH Barbade
19%
Prévalence du VIH | QI moyen le plus bas Bélize
19%
Prévalence du VIH Saint-Vincent-et-les Grenadines
19%
Données téléphoniques les plus chères Suisse
19%
Prévalence du VIH Bahamas
16%
Taux de mortalité intentionnelle Trinité-et-Tobago
16%
Altitude minimale la plus élevée Andorre
6%
Altitude minimale la plus élevée Liechtenstein
6%
Taux de chômage Monténégro
5%
Taux de mortalité intentionnelle El Salvador
3%
Aucun quiz correspondant
Distribution des résultats
% des personnes avec chaque résultat
Percentile par nombre de réponses
Votre historique - résultats
Vous n’avez pas pris ce quiz